10 decimals of Pi in 15 seconds - Statistiques

Statistiques générales
  • Ce quiz a été pris 197 fois
  • Le résultat moyen est 7 sur 10
Statistiques - réponses
Decimals of π Réponse % Correct
1 1
100%
2 4
98%
3 1
95%
4 5
88%
5 9
78%
6 2
71%
7 6
63%
8 5
56%
9 3
44%
10 5
39%
Aucun quiz correspondant
Distribution des résultats
% des personnes avec chaque résultat
Percentile par nombre de réponses
Votre historique - résultats
Vous n’avez pas pris ce quiz